| 000 | 01036 a2200217 4500 | ||
|---|---|---|---|
| 020 | _a0470022299 | ||
| 020 | _a0470022280 | ||
| 040 |
_aDLC _bDLC |
||
| 082 | 0 | 0 | _a510 |
| 100 | 1 | _aCurrell, Graham. | |
| 245 | 1 | 0 |
_aEssential mathematics and statistics for science _cGraham Currell, Anthony Dowman. |
| 260 |
_aChichester ; _aHoboken, NJ : _bWiley, _cc2005. |
||
| 300 |
_axiii, 346 p. : _bill. ; _c25 cm. |
||
| 500 | _aIncludes index. | ||
| 505 | 0 | _aMathematics and statistics in science -- Scientific data -- Equations in science -- Linear relationships -- Logarithmic and exponential functions -- Rates of change -- Statistics and information -- Distributions and uncertainty -- Scientific investigation -- Parametric tests -- Chi-squared tests -- Non-parametric tests -- Experimental design and analysis. | |
| 650 | 0 |
_aScience _xMathematics. |
|
| 650 | 0 | _xStatistical methods. | |
| 700 | 1 | _aDowman, Antony. | |
| 856 | 4 | 1 |
_3Table of contents _uhttp://www.loc.gov/catdir/enhancements/fy0629/2006295287-t.html |
| 942 |
_cBK _k510 CUR _2ddc |
||
| 999 |
_c7436 _d7436 |
||